Making sense of statistics : a conceptual overview / (Record no. 2323)

MARC details
000 -LEADER
fixed length control field 00528nam a22001577a 4500
050 ## - CALL NUMBER
Classification number QA276.18
Item number .P99
100 ## - AUTHOR
Personal name Fred Pyrczak
245 ## - TITLE
Title Making sense of statistics : a conceptual overview /
Statement of responsibility, etc Fred Pyrczak
250 ## - EDITION
Edition statement 3rd ed
260 ## - PUBLICATION INFORMATION
Place of publication Los Angeles, CA :
Name of publisher Pyrczak
Year of publication ©2003
300 ## - DESCRIPTION
Number of Pages viii, 144 pages :
Other physical details illustrations ;
Dimensions 28 cm
500 ## - NOTES
General note <br/><br/><br/><br/>
650 ## - SUBJECTS
Topical Term Statistics -- Study and teaching (Higher) --
General subdivision Study and teaching (Higher) United States.
650 ## - SUBJECTS
General subdivision United States. Statistics --
942 ## - ADDED ENTRY ELEMENTS (KOHA)
Koha item type Books
Holdings
Withdrawn status Lost status Collection code Home library Current library Shelving location Date acquired Full call number Accession Number Copy number Koha item type
    Reference Methodist University Library Main Methodist University Library Main General Stacks   QA276.18 .P99 4083 1 Books
Copyright © 2026  MUG Library